[Event "Bundesliga 2013-14"]
[Site "Berlin GER"]
[Date "2013.12.15"]
[Round "6"]
[White "Lauber,A"]
[Black "Naumann,Al"]
[Result "1/2-1/2"]
[WhiteElo "2443"]
[BlackElo "2540"]

1.d4 d5 2.c4 c6 3.Nc3 Nf6 4.e3 e6 5.Nf3 Nbd7 6.Bd3 dxc4 7.Bxc4 b5 8.Bd3 b4
9.Ne4 Nxe4 10.Bxe4 Bb7 11.O-O Bd6 12.Nd2 Qc7 13.Nc4 Bxh2+ 14.Kh1 Ba6 15.b3 Bd6
16.Nxd6+ Qxd6 17.Re1 f5 18.Bf3 O-O 19.a3 e5 20.axb4 Bb5 21.e4 Qxd4 22.Be3 Qxd1
23.Bxd1 fxe4 24.Bg4 Nf6 25.Be6+ Kh8 26.Rxa7 Rxa7 27.Bxa7 h6 28.Bc5 Re8 29.Bf5 Ra8
30.Bxe4 Nxe4 31.Rxe4 Re8 32.Bd4 Kh7 33.Bxe5 g5 34.Re3 Kg6 35.Bd4  1/2-1/2

[Event "FSFMB December 2013"]
[Site "Budapest HUN"]
[Date "2013.12.15"]
[Round "8.1"]
[White "Czimer,J"]
[Black "Marcu,Simon"]
[Result "0-1"]
[WhiteElo "1720"]
[BlackElo "1885"]

1.c4 c6 2.d4 d5 3.e3 Nf6 4.Nc3 e6 5.Nf3 Bd6 6.Qc2 O-O 7.c5 Bc7 8.a3 Nbd7
9.b4 e5 10.dxe5 Nxe5 11.Nxe5 Bxe5 12.Bb2 Re8 13.O-O-O a5 14.b5 Qe7 15.Na4 Bg4
16.f3 Bxb2+ 17.Kxb2 Bd7 18.Nb6 Rad8 19.Qc3 Qxe3 20.Qxe3 Rxe3 21.bxc6 bxc6
22.Ba6 Bf5 23.Rd4 Nd7 24.Nxd7 Bxd7 25.Rc1 Bf5 26.Ka2 Ra8 27.Bb7 Re2+ 28.Ka1 Rb8
29.Bxc6 Rb3 30.Ra4 d4 31.Rxa5 g5 32.Bd5 Rc3 33.Rd1 d3 34.Ra8+ Kg7 35.Ra7 Bg6
36.c6 d2 37.Kb2 Rc2+ 38.Kb3 Re1 39.Rxd2 Rxd2 40.Bc4 Rd4 41.Bb5 Bd3 42.a4 Kf6
43.c7 Bf5  0-1

[Event "Russian Cup Final w 2013"]
[Site "Khanty-Mansiysk RUS"]
[Date "2013.12.15"]
[Round "2.2"]
[White "Schepetkova,M"]
[Black "Guseva,Marina"]
[Result "1-0"]
[WhiteElo "2252"]
[BlackElo "2399"]

1.d4 d5 2.c4 c6 3.Nc3 Nf6 4.e3 e6 5.Nf3 Nbd7 6.Bd3 dxc4 7.Bxc4 b5 8.Bd3 a6
9.a4 Bb7 10.O-O b4 11.Ne4 c5 12.Nxf6+ Qxf6 13.e4 cxd4 14.Bg5 Qg6 15.Rc1 Bc5
16.Qd2 f6 17.e5 Qf7 18.exf6 gxf6 19.Bh4 Bd5 20.Bc4 Bxc4 21.Rxc4 e5 22.Rfc1 O-O
23.Rxc5 Nxc5 24.Rxc5 b3 25.h3 Rac8 26.Rxc8 Rxc8 27.Qd3 Qe6 28.Nd2 f5 29.Nxb3 Rb8
30.Nc5 Qg6 31.Nd7 Rxb2 32.Qc4+ Kg7 33.Bf6+ Kh6 34.Qc1+  1-0

[Event "SportAccord Blitz Women 2013"]
[Site "Beijing CHN"]
[Date "2013.12.16"]
[Round "22.5"]
[White "Ushenina,A"]
[Black "Sebag,M"]
[Result "1-0"]
[WhiteElo "2501"]
[BlackElo "2501"]

1.d4 d5 2.c4 c6 3.Nc3 Nf6 4.e3 e6 5.Nf3 Nbd7 6.Qc2 Bd6 7.Bd3 O-O 8.O-O e5
9.cxd5 cxd5 10.Nb5 Bb8 11.dxe5 Nxe5 12.Nxe5 Bxe5 13.h3 Be6 14.f4 Bb8 15.Bd2 a6
16.Nd4 Ba7 17.Rac1 Bxd4 18.exd4 Ne4 19.f5 Nxd2 20.Qxd2 Bd7 21.f6 Kh8 22.fxg7+ Kxg7
23.Qf4 f6 24.Rf3 Kh8 25.Qh6 Rf7 26.Rcf1 Qb6 27.Rxf6 Qxd4+ 28.Kh1 Rg7 29.Rf8+  1-0

[Event "SportAccord Blitz Women 2013"]
[Site "Beijing CHN"]
[Date "2013.12.16"]
[Round "23.4"]
[White "Dzagnidze,N"]
[Black "Ushenina,A"]
[Result "0-1"]
[WhiteElo "2557"]
[BlackElo "2501"]

1.d4 d5 2.c4 c6 3.Nf3 e6 4.e3 Nf6 5.Nc3 Nbd7 6.Bd3 dxc4 7.Bxc4 b5 8.Bd3 a6
9.e4 c5 10.e5 cxd4 11.Ne2 Nd5 12.O-O Nc5 13.Nexd4 Nxd3 14.Qxd3 h6 15.Bd2 Bb7
16.Rac1 Be7 17.Nxe6 fxe6 18.Qg6+ Kd7 19.Nd4 Qb6 20.Nb3 Rac8 21.Ba5 Qa7 22.Rcd1 Rc4
23.Rd3 Rf8 24.Qxg7 Rff4 25.Qxh6 Qb8 26.Bd2 Rg4 27.Re1 Qg8 28.g3 Kc8 29.Be3 Kb8
30.Bd2 Rg6 31.Qh3 Bb4 32.Bxb4 Nxb4 33.Rd6 Nd5 34.Nd2 Rcg4 35.Ne4 Nf4 36.Qf1 Rh6
37.Rb6 Qh8 38.Rxb7+ Kxb7 39.Nd6+ Kb8 40.h4 Rhxh4  0-1

[Event "SportAccord Basque Men 2013"]
[Site "Beijing CHN"]
[Date "2013.12.17"]
[Round "1.2"]
[White "Le Quang Liem"]
[Black "Mamedyarov,S"]
[Result "1-0"]
[WhiteElo "2703"]
[BlackElo "2757"]

1.d4 d5 2.c4 c6 3.Nc3 Nf6 4.e3 e6 5.Nf3 Nbd7 6.Qc2 b6 7.Bd3 Bb7 8.O-O Be7
9.Rd1 O-O 10.b3 h6 11.Bb2 Rc8 12.Qe2 Re8 13.Rac1 Qc7 14.Ne5 dxc4 15.Nxc4 Qb8
16.e4 c5 17.e5 cxd4 18.Nb5 Nd5 19.Qe4 g6 20.Ncd6 Rxc1 21.Rxc1 Bg5 22.Nxf7 Ne7
23.Qxd4 Bxc1 24.Bxc1 Rc8 25.Nxh6+ Kg7 26.Bd2 Bd5 27.Qh4 Nc6 28.Nd6 Rh8 29.Ndf7 Ndxe5
30.Bc3 Rc8 31.Nxe5 Nxe5 32.Qe7+ Kh8 33.Bxe5+ Qxe5 34.Nf7+ Kg8 35.Nxe5 Rf8
36.Bxg6 a5 37.Qh7+  1-0

[Event "SportAccord Basque Women 2013"]
[Site "Beijing CHN"]
[Date "2013.12.17"]
[Round "1.1"]
[White "Dzagnidze,N"]
[Black "Muzychuk,A"]
[Result "1-0"]
[WhiteElo "2557"]
[BlackElo "2566"]

1.d4 d5 2.Nf3 Nf6 3.c4 c6 4.Nc3 e6 5.e3 Nbd7 6.Bd3 dxc4 7.Bxc4 b5 8.Bd3 a6
9.O-O Bb7 10.e4 c5 11.d5 c4 12.Bc2 Qc7 13.dxe6 fxe6 14.Ne2 Bd6 15.Ned4 Nc5
16.Qe2 Ng4 17.h3 Nh2 18.Re1 Nxf3+ 19.Qxf3 Be5 20.Be3 O-O-O 21.Rad1 Rhf8 22.Qg4 Rf6
23.b3 Rg6 24.Qh4 Bf6 25.Qxh7 Qf7 26.Nxb5 axb5 27.Rxd8+ Bxd8 28.Qh8 Nd7 29.bxc4 bxc4
30.Rd1 Bc6 31.Rd6 Kc7 32.Rxc6+ Kxc6 33.Qxd8 Qf3 34.Ba4+ Kb7 35.Qxd7+ Kb8
36.Ba7+  1-0

[Event "Caissa IM December 2013"]
[Site "Kecskemet HUN"]
[Date "2013.12.18"]
[Round "2.2"]
[White "Sarosi,Z"]
[Black "Antal,T"]
[Result "1/2-1/2"]
[WhiteElo "2250"]
[BlackElo "2307"]

1.d4 d5 2.Nf3 Nf6 3.c4 c6 4.Nc3 e6 5.e3 Nbd7 6.b3 Bb4 7.Bd2 Qe7 8.Be2 O-O
9.O-O b6 10.Qc1 Bb7 11.a3 Bd6 12.Qb2 a6 13.b4 dxc4 14.Bxc4 e5 15.h3 Rab8
16.Qa2 c5 17.Nd5 Nxd5 18.Bxd5 e4 19.Bxb7 Rxb7 20.Ne1 cxd4 21.exd4 Rc7 22.Nc2 b5
23.Ne3 Nb6 24.Rac1 Rfc8 25.Rxc7 Rxc7 26.Rc1 Rxc1+ 27.Bxc1 Qc7 28.Bd2 Nc4
29.Nxc4 bxc4 30.Qc2 Qc6 31.g3 f5 32.Kf1 Qd5 33.Qc3  1/2-1/2

[Event "Al-Ain Classic Open A 2013"]
[Site "Al-Ain UAE"]
[Date "2013.12.19"]
[Round "1.35"]
[White "Shyam,SM"]
[Black "Khalafova,N"]
[Result "1/2-1/2"]
[WhiteElo "2534"]
[BlackElo "2148"]

1.d4 d5 2.c4 c6 3.Nc3 Nf6 4.e3 e6 5.Nf3 Nbd7 6.Qc2 Bd6 7.Be2 O-O 8.O-O dxc4
9.Bxc4 a6 10.Rd1 b5 11.Be2 Qc7 12.Bd2 e5 13.dxe5 Nxe5 14.Nxe5 Bxe5 15.f4 Bd6
16.a4 b4 17.Ne4 Nxe4 18.Qxe4 Bb7 19.Bf3 Rfe8 20.Qc4 c5 21.Bxb7 Qxb7 22.Be1 Bf8
23.Bf2 Re4 24.Qc2 c4 25.Rac1 Rc8 26.Qe2 Qc6 27.Qg4 g6 28.b3 c3 29.Rd3 Bc5
30.h4 Rce8 31.h5 Bxe3 32.Rxe3 Rxe3 33.Bxe3 Rxe3 34.h6 Re8 35.Kh1 Qe6 36.Qg5 Qe7
37.Qg4 Qe3 38.Rc2 Qd3 39.Rc1 Qe3 40.Rc2 Qe4 41.Rc1 Qd5 42.f5 Qe4 43.Qxe4 Rxe4
44.Rd1 Re8 45.f6 c2 46.Rc1 Rc8 47.Kg1 Kf8 48.Kf2 Rc6 49.Ke3 Ke8 50.Kd3 Rxf6
51.Rxc2 Kd7 52.Rc4 a5 53.Rc5 Rf5 54.Rxf5 gxf5 55.Kc4 Kc6 56.Kd4 Kd6 57.Kc4 Kc6
58.Kd4 Kd6  1/2-1/2

[Event "WYCC U16 Girls 2013"]
[Site "Al-Ain UAE"]
[Date "2013.12.19"]
[Round "2.29"]
[White "Vanagaite,G"]
[Black "Ghaemmaghami,P"]
[Result "1-0"]
[WhiteElo "2017"]
[BlackElo "1723"]

1.d4 d5 2.Nf3 e6 3.c4 c6 4.e3 Nf6 5.Nc3 Nbd7 6.Qc2 Bd6 7.g4 h6 8.h3 e5 9.cxd5 cxd5
10.Nb5 Bb8 11.dxe5 Nxe5 12.Nbd4 Bd7 13.Bg2 Bc7 14.Nxe5 Bxe5 15.O-O O-O 16.Rd1 Rc8
17.Qd3 Re8 18.Bd2 Ne4 19.Be1 a6 20.Rac1 Qb6 21.Rxc8 Rxc8 22.b3 Bxd4 23.exd4 Qc6
24.f3 Nc3 25.Rd2 Qe6 26.Bf2 Bb5 27.Qe3 Ne2+ 28.Kh2 Qd6+ 29.Qe5 Qxe5+ 30.dxe5 Nf4
31.a4 Bd3 32.Bg3 Nxg2 33.Rxd3 Rc2 34.Kg1 Kh7 35.Kh1 g5 36.Rxd5 Ne3 37.Rd3 Rc1+
38.Kh2 Rc2+ 39.Kg1 Rc1+ 40.Kf2 Nd1+ 41.Ke2 Nb2 42.Rd2 Rb1 43.Bf2 b5 44.axb5 axb5
45.Be1 Nd1 46.Rxd1 Rxb3 47.Rd2 Rb4 48.Kd3 Rb3+ 49.Ke4 Rb1 50.Kf5 Rb3 51.Rf2 b4
52.Ke4 Rb1 53.Bd2 b3 54.Be3 Rh1  1-0

[Event "WYCC U18 Open 2013"]
[Site "Al-Ain UAE"]
[Date "2013.12.19"]
[Round "2.43"]
[White "Doluweera,Dinul Thisura"]
[Black "Tvarijonas,T"]
[Result "0-1"]
[WhiteElo "1803"]
[BlackElo "2176"]

1.d4 d5 2.c4 c6 3.Nc3 Nf6 4.e3 e6 5.Nf3 Nbd7 6.Qc2 Bd6 7.g4 Nxg4 8.Rg1 Qf6
9.Rxg4 Qxf3 10.Rxg7 Nf8 11.Rg2 Ng6 12.e4 Nh4 13.Rg7 Qf6 14.Rg4 Nf3+ 15.Kd1 Qxd4+
16.Ke2 Nxh2  0-1

[Event "WYCC U16 Girls 2013"]
[Site "Al-Ain UAE"]
[Date "2013.12.19"]
[Round "2.6"]
[White "Gu,T"]
[Black "Saikhanzaya,Ganbaatar"]
[Result "1-0"]
[WhiteElo "2128"]
[BlackElo "1939"]

1.c4 c6 2.d4 d5 3.Nc3 Nf6 4.Nf3 e6 5.e3 Nbd7 6.Qc2 Bd6 7.g4 Nxg4 8.Rg1 Ndf6
9.h3 Nh6 10.Rxg7 Rg8 11.Rxg8+ Nhxg8 12.Bd2 Ne7 13.O-O-O Bd7 14.c5 Bc7 15.e4 dxe4
16.Bg5 Ned5 17.Nxe4 h6 18.Bh4 Bf4+ 19.Kb1 b5 20.Ne5 Bg5 21.Bxg5 hxg5 22.Nd6+ Ke7
23.Nexf7 Qg8 24.Ne5 Qh7 25.Qxh7+ Nxh7 26.Bd3 Nhf6 27.Ng6+ Kd8 28.Nf7+ Kc7
29.Nxg5 Nh5 30.Be2 Nhf4 31.Nxf4 Nxf4 32.Bg4 Rg8 33.h4 Rg6 34.Rg1 Rh6 35.Rh1 Be8
36.Kc2 Kd7 37.Kd2 Ke7 38.Bf3 Ng6 39.h5 Nf4 40.Ke3 Nxh5 41.Bxh5 Rxh5 42.Rxh5 Bxh5
43.Kf4 a5 44.Ke5 Bg4 45.Ne4 Be2 46.a3 Bf3 47.Ng5 Bg4 48.b4 axb4 49.axb4 Bf5
50.f3 Bd3 51.Nxe6 Bc4 52.Nf4  1-0

[Event "80th ch-BRA 2013"]
[Site "Joao Pessoa BRA"]
[Date "2013.12.19"]
[Round "9.1"]
[White "Mekhitarian,K"]
[Black "Santiago,Y"]
[Result "0-1"]
[WhiteElo "2566"]
[BlackElo "2450"]

1.d4 e6 2.Nf3 d5 3.c4 Nf6 4.Nc3 c6 5.e3 Nbd7 6.Bd3 dxc4 7.Bxc4 b5 8.Bd3 a6
9.a4 b4 10.Nb1 c5 11.O-O Bb7 12.Nbd2 cxd4 13.exd4 a5 14.Bb5 Be7 15.Nb3 O-O
16.Re1 Bd5 17.Bf4 Ra7 18.Rc1 Qa8 19.Qd3 Be4 20.Qe2 Nb6 21.Bc7 Bd8 22.Bd6 Be7
23.Bc7 Bd8 24.Be5 Bd5 25.Qd3 Ne4 26.Nc5 f5 27.Re2 g5 28.Ne1 Bf6 29.Bxf6 Rxf6
30.f3 Nd6 31.Nc2 g4 32.fxg4 f4 33.Rf1 Nxb5 34.Qxb5 Bc4 35.Qxb6 Bxe2 36.Rf2 Bxg4
37.d5 Rg7 38.Nxe6 Bxe6 39.dxe6 f3 40.Ne1 Rgg6 41.Qd4 Rxe6 42.Nxf3 Rd6 43.Qc4+ Qd5
44.Qc7 Rc6 45.Qb8+ Kg7 46.h3 Rc1+ 47.Kh2 Qd6+ 48.Qxd6 Rxd6 49.Ne5 Rd5 50.Re2 b3
51.Re4 Rc2 52.Rg4+ Kf6 53.Nc4 Rc5 54.Nd6 Ke6 55.Ne4 Rf5 56.Rh4 h5 57.Ng3 Rg5
58.Re4+ Kd5 59.Re3 Rxb2 60.Ne2 Kc4 61.Nf4 Rf2 62.Re4+ Kc3 63.Kg1 Rxf4 64.Rxf4 b2  0-1

[Event "20th Zadar Open A 2013"]
[Site "Zadar CRO"]
[Date "2013.12.19"]
[Round "7.2"]
[White "Kozul,Z"]
[Black "Saric,Iv"]
[Result "1/2-1/2"]
[WhiteElo "2590"]
[BlackElo "2632"]

1.d4 d5 2.c4 c6 3.Nc3 Nf6 4.e3 e6 5.Nf3 Nbd7 6.Qc2 Bd6 7.b3 O-O 8.Be2 a6
9.O-O e5 10.cxd5 cxd5 11.dxe5 Nxe5 12.Nxe5 Bxe5 13.Bb2 Be6 14.f4 Bb8 15.Rad1 Re8
16.Kh1 Qc8 17.Qd2 Ba7 18.Bf3 Qc5 19.e4 dxe4 20.Nxe4 Nxe4 21.Bxe4 Bg4 22.Rde1 Rad8
23.Qc3 Qxc3 24.Bxc3 Bc8 25.f5 f6 26.Bd5+ Kh8 27.g4 Rxe1 28.Rxe1 h5 29.Be4 hxg4
30.Kg2 Bb8 31.h3 g3 32.Kf3 Kh7 33.Rc1 Re8 34.Rd1 b5 35.Be1 Be5 36.Rc1 Bd7
37.Rc2 Bb8 38.Bd2 Ba7 39.Bd3 Re5 40.Kxg3 Bxf5 41.Bxf5+ Rxf5 42.Rc6 Rd5 43.Bf4 g5
44.Rc7+ Kg6 45.Rxa7 Rd3+ 46.Kg2 gxf4 47.Rxa6 Rg3+ 48.Kf2 Rxh3 49.Rb6 Kg5
50.a4 bxa4 51.bxa4 Ra3 52.Ra6 Kg4 53.Rxf6 Ra2+ 54.Kg1 Rxa4 55.Rg6+ Kf3 56.Rb6 Ra1+
57.Kh2 Re1 58.Rf6 Re4 59.Kg1 Ke3 60.Kg2 Re5 61.Ra6 Rg5+ 62.Kf1 Rd5 63.Ra3+ Rd3
64.Rxd3+  1/2-1/2

[Event "WYCC U18 Open 2013"]
[Site "Al-Ain UAE"]
[Date "2013.12.20"]
[Round "3.32"]
[White "Rindlisbacher,L"]
[Black "Arias,Pab"]
[Result "1-0"]
[WhiteElo "2345"]
[BlackElo "2084"]

1.d4 d5 2.c4 c6 3.Nc3 Nf6 4.Nf3 e6 5.e3 Bd6 6.Qc2 Nbd7 7.g4 Nxg4 8.Rg1 Nxh2
9.Nxh2 Bxh2 10.Rxg7 Nf6 11.f4 Nh5 12.Rg5 Bg3+ 13.Kd1 e5 14.Rxe5+ Kf8 15.Rxh5 Bg4+
16.Be2 Bxh5 17.Bxh5 Qd7 18.cxd5 Qh3 19.Qe2 cxd5 20.Bf3 Rg8 21.Kc2 Be1 22.Bxd5 Bxc3
23.bxc3 Qf5+ 24.e4 Qh3 25.Ba3+  1-0

[Event "WYCC U16 Girls 2013"]
[Site "Al-Ain UAE"]
[Date "2013.12.20"]
[Round "3.47"]
[White "Head,Louise"]
[Black "Mira,Sarhan"]
[Result "1-0"]
[WhiteElo "1786"]
[BlackElo "1312"]

1.d4 d5 2.c4 c6 3.Nc3 Nf6 4.Nf3 e6 5.e3 Bd6 6.Be2 Nbd7 7.O-O O-O 8.b3 Ne4
9.Bb2 f5 10.cxd5 cxd5 11.Nb5 Be7 12.Rc1 Rf6 13.Ne5 Nxe5 14.dxe5 Rh6 15.f3 Ng5
16.Qd4 b6 17.Nd6 Nf7 18.Nxf7 Kxf7 19.g4 Bc5 20.Qd2 Qg5 21.Bd4 Bxd4 22.Rc7+ Ke8
23.Qxd4 Bd7 24.Rf2 Qd8 25.Rc1 Rc8 26.Rxc8 Bxc8 27.Qa4+ Bd7 28.Qxa7 Rg6 29.Kf1 fxg4
30.fxg4 Rg5 31.Qa3 Qe7 32.Qa8+ Qd8 33.Rf8+  1-0

[Event "WYCC U18 Girls 2013"]
[Site "Al-Ain UAE"]
[Date "2013.12.20"]
[Round "3.2"]
[White "Baraeva,M"]
[Black "Ziaziulkina,N"]
[Result "1/2-1/2"]
[WhiteElo "2136"]
[BlackElo "2354"]

1.d4 d5 2.c4 e6 3.Nf3 c6 4.e3 Nf6 5.Nc3 Nbd7 6.Qc2 Bd6 7.b3 O-O 8.Be2 e5
9.cxd5 cxd5 10.Nb5 Bb4+ 11.Bd2 Bxd2+ 12.Nxd2 a6 13.dxe5 axb5 14.exf6 Nxf6
15.Bxb5 d4 16.e4 Nh5 17.g3 Bh3 18.Bf1 Qd7 19.Qd3 Bxf1 20.Kxf1 Rfc8 21.Kg2 Rc3
22.Qe2 Ra5 23.h4 Qc7 24.Qg4 Nf6 25.Qe2  1/2-1/2

[Event "Al-Ain Classic Open A 2013"]
[Site "Al-Ain UAE"]
[Date "2013.12.21"]
[Round "3.31"]
[White "Hesham,A"]
[Black "Khalafova,N"]
[Result "1/2-1/2"]
[WhiteElo "2374"]
[BlackElo "2148"]

1.d4 d5 2.c4 c6 3.Nf3 Nf6 4.Nc3 e6 5.e3 Nbd7 6.Bd3 dxc4 7.Bxc4 b5 8.Bd3 a6
9.e4 c5 10.d5 c4 11.dxe6 fxe6 12.Bc2 Qc7 13.O-O Bb7 14.Nd4 Nc5 15.Qe2 Bd6
16.f4 e5 17.Nf5 O-O 18.Rd1 Nd3 19.Nxd6 Qxd6 20.Bxd3 cxd3 21.Rxd3 Qc7 22.fxe5 Qxe5
23.Be3 Rad8 24.Rad1 Rxd3 25.Rxd3 Nxe4 26.Rd7 Nxc3 27.bxc3 Qe4 28.h3 Re8 29.Qf2 Qxe3
30.Qxe3 Rxe3 31.Rxb7 Re8 32.Kf2 Rc8 33.Ra7  1/2-1/2

[Event "WYCC U18 Girls 2013"]
[Site "Al-Ain UAE"]
[Date "2013.12.21"]
[Round "4.31"]
[White "Schucman,Rebeca Lot"]
[Black "Korbovljanovic,N"]
[Result "0-1"]
[WhiteElo "1672"]
[BlackElo "1854"]

1.d4 d5 2.c4 c6 3.Nc3 Nf6 4.Nf3 e6 5.e3 Bd6 6.Qc2 Nbd7 7.b3 O-O 8.Bb2 Qe7
9.cxd5 exd5 10.Bd3 Re8 11.O-O Ne4 12.h3 Nf8 13.Bxe4 dxe4 14.Nd2 Bf5 15.f3 exf3
16.Qxf5 Qxe3+ 17.Rf2 Bg3 18.Qxf3 Bxf2+ 19.Qxf2 Qxf2+ 20.Kxf2 Rad8 21.Nf3 Ne6
22.Rd1 Nf4 23.Rd2 f6 24.Na4 b6 25.Nc3 Kf7 26.a3 Rd7 27.Ne2 Nd5 28.Rc2 Re6
29.Nc3 Nf4 30.Rd2 Re8 31.Kg3 g5 32.Kf2 Rde7 33.g3 Nxh3+ 34.Kg2 g4 35.Nh4 Re1
36.Nf3 gxf3+ 37.Kxh3 f5 38.Rh2 Rg1 39.d5 Rg8 40.dxc6 Rg5 41.Kh4 Kg6  0-1

[Event "WYCC U18 Open 2013"]
[Site "Al-Ain UAE"]
[Date "2013.12.21"]
[Round "4.37"]
[White "Eltigani,O"]
[Black "Arias,Pab"]
[Result "0-1"]
[WhiteElo "2288"]
[BlackElo "2084"]

1.d4 d5 2.c4 c6 3.Nc3 Nf6 4.e3 e6 5.Nf3 Nbd7 6.Bd3 Bd6 7.O-O O-O 8.e4 dxc4
9.Bxc4 e5 10.Bg5 b5 11.Bb3 a6 12.Kh1 Bb7 13.dxe5 Nxe5 14.Nxe5 Bxe5 15.Qxd8 Raxd8
16.f4 Bxc3 17.bxc3 Rd2 18.Bxf6 gxf6 19.Rad1 Rfd8 20.Kg1 c5 21.Bd5 Rxd1 22.Rxd1 Kf8
23.g4 Ke7 24.Kf2 Bxd5 25.exd5 Kd6 26.Kf3 Re8 27.a3 Re7 28.h3 Re8 29.h4 Re7
30.f5 Re5 31.Kf4 Rxd5 32.Re1 Rd3 33.g5 fxg5+ 34.Kxg5 Rxc3 35.Kf6 Rf3 36.h5 a5
37.h6 b4 38.axb4 axb4 39.Kg7 Rxf5 40.Rh1 Rg5+ 41.Kxh7 c4 42.Kh8 b3 43.h7 c3
44.Rc1 b2 45.Rxc3 Rb5 46.Rd3+ Ke6 47.Kg7 b1=Q 48.h8=Q Qg1+  0-1

[Event "WYCC U16 Girls 2013"]
[Site "Al-Ain UAE"]
[Date "2013.12.21"]
[Round "5.32"]
[White "Saikhanzaya,Ganbaatar"]
[Black "Golubeva,Marija"]
[Result "1/2-1/2"]
[WhiteElo "1939"]
[BlackElo "1825"]

1.d4 d5 2.c4 c6 3.Nc3 Nf6 4.Nf3 e6 5.e3 Nbd7 6.Qc2 Bd6 7.Bd3 O-O 8.O-O dxc4
9.Bxc4 b5 10.Bd3 Bb7 11.e4 e5 12.a3 a6 13.b4 exd4 14.Nxd4 c5 15.Nf5 Be5 16.f4 Bxc3
17.Qxc3 cxb4 18.axb4 Nb6 19.Bb1 Rc8 20.Qg3 Ne8 21.Bb2 f6 22.e5 Nc4 23.exf6 Nxb2
24.Nxg7 Qd4+ 25.Kh1 Rc3 26.Qg4 Nxf6 27.Qg5 Ne4 28.Bxe4 h6 29.Qg6 Qxg7 30.Qxg7+ Kxg7
31.Bxb7 Rc4 32.f5 Nd3 33.Rxa6 Nxb4 34.Rg6+ Kh7 35.g4 Rf7 36.Bf3 h5 37.h3 Rg7
38.Rxg7+ Kxg7 39.g5 Rf4 40.f6+ Kf8 41.Be2 Nd5 42.Bxb5 Rxf1+ 43.Bxf1 Nxf6
44.Kg2 h4 45.Bd3 Nd7 46.Bc2 Ne5 47.Kf2 Nf7 48.g6 Ne5 49.Ke3 Kg7 50.Kf4 Nxg6+
51.Bxg6 Kxg6  1/2-1/2

[Event "Russian Rapid Cup Final 2013"]
[Site "Khanty-Mansiysk RUS"]
[Date "2013.12.21"]
[Round "4.1"]
[White "Kovalenko,I"]
[Black "Jakovenko,D"]
[Result "1/2-1/2"]
[WhiteElo "2643"]
[BlackElo "2721"]

1.d4 d5 2.c4 c6 3.Nc3 Nf6 4.e3 e6 5.Nf3 Nbd7 6.Qc2 Bd6 7.b3 O-O 8.Bb2 Qe7
9.Bd3 Re8 10.O-O-O e5 11.dxe5 Nxe5 12.cxd5 cxd5 13.Kb1 Nxd3 14.Qxd3 Be6 15.Nd4 Rac8
16.f3 Be5 17.g4 Nd7 18.Nce2 Nc5 19.Qd2 Bd7 20.Rhe1 Qd6 21.h4 a5 22.h5 Qa6
23.Nc3 a4 24.b4 a3 25.Ba1 Na4 26.Nxd5 Nb2 27.Bxb2 axb2 28.Qxb2 Bb5 29.Nc3 Bd3+
30.Ka1 Qc4 31.f4 Bd6 32.Nf5 Bxf5 33.Rxd6 Bxg4 34.Nd5 Bxh5 35.Rg1 Bg6 36.f5 Qh4
37.fxg6 hxg6 38.Rd7 Qe4 39.Qd4 Qxd4+ 40.exd4 Rc4 41.Rf1 f6 42.Ne7+ Kf7 43.Nc8+ Ke6
44.Rd6+ Kf7 45.Rd7+ Ke6 46.Rd6+ Kf7 47.Nb6 Rxb4 48.d5 g5 49.Rd7+ Kg6 50.Rxb7 Re2
51.d6 Rbb2 52.d7 Rxa2+ 53.Kb1  1/2-1/2

[Event "Chinese Teams 2013"]
[Site "Tianjin CHN"]
[Date "2013.12.21"]
[Round "19.5"]
[White "Wang Doudou"]
[Black "Wang Chengjia"]
[Result "1/2-1/2"]
[WhiteElo "2222"]
[BlackElo "1963"]

1.d4 d5 2.Nf3 Nf6 3.c4 c6 4.Nc3 e6 5.e3 Nbd7 6.Qc2 Bd6 7.b3 O-O 8.Be2 Qe7
9.O-O Re8 10.Bb2 dxc4 11.bxc4 e5 12.Ne4 Nxe4 13.Qxe4 Nf6 14.Qh4 e4 15.Ne5 Ba3
16.Bc3 Bb4 17.Bb2 Ba3 18.Rab1 Bxb2 19.Rxb2 Qa3 20.Rfb1 c5 21.Qf4 Qc3 22.Rb3 Qd2
23.R3b2 Qc3 24.Rb3 Qd2 25.R3b2 Qc3  1/2-1/2

[Event "Al-Ain Classic Open A 2013"]
[Site "Al-Ain UAE"]
[Date "2013.12.22"]
[Round "4.11"]
[White "Filippov,An UZB"]
[Black "Mammadov,Z"]
[Result "0-1"]
[WhiteElo "2634"]
[BlackElo "2423"]

1.d4 d5 2.c4 c6 3.Nc3 Nf6 4.e3 e6 5.Nf3 Nbd7 6.Bd3 dxc4 7.Bxc4 b5 8.Bb3 b4
9.Ne2 Bb7 10.O-O c5 11.Ba4 Bxf3 12.gxf3 Be7 13.dxc5 Bxc5 14.b3 O-O 15.Bb2 Nb6
16.Bc6 Rc8 17.Bb7 Rc7 18.Qxd8 Rxd8 19.Ba6 Rd2 20.Be5 Rcd7 21.Rfc1 R7d5 22.Bg3 Bf8
23.Nd4 Ra5 24.Bf1 Nfd5 25.Nc6 Ra3 26.Bb8 a5 27.Ba7 Nd7 28.Bd4 g6 29.Rd1 Rxd1
30.Rxd1 Rxa2 31.Ra1 Ra3 32.e4 Ne7 33.Nxa5 Bg7 34.Rd1 Bxd4 35.Rxd4 Ne5 36.Rd8+ Kg7
37.Nc4 Nxf3+ 38.Kg2 Rxb3 39.Ne3 Ne1+ 40.Kg3 Nc2 41.Kf4 Nxe3 42.fxe3 Rc3 43.Bb5 g5+
44.Kf3 Ng6 45.Be2 Ne5+ 46.Kf2 Rc2 47.Rb8 Ng4+ 48.Ke1 Nxe3 49.Rb7 Ng2+ 50.Kd1 Rb2
51.Bh5 Rf2  0-1

[Event "Al-Ain Classic Open A 2013"]
[Site "Al-Ain UAE"]
[Date "2013.12.22"]
[Round "4.30"]
[White "Kazimova,N"]
[Black "Tunik,G"]
[Result "0-1"]
[WhiteElo "2238"]
[BlackElo "2416"]

1.d4 Nf6 2.c4 e6 3.Nf3 d5 4.Nc3 c6 5.e3 Nbd7 6.Bd3 dxc4 7.Bxc4 b5 8.Bd3 Bb7
9.e4 b4 10.Na4 c5 11.e5 Nd5 12.Nxc5 Nxc5 13.dxc5 Bxc5 14.O-O h6 15.Nd2 Qc7
16.Nc4 Rd8 17.Qg4 Kf8 18.Qg3 Nb6 19.Na5 Ba8 20.Nb3 Be7 21.Bd2 Qc6 22.Be2 g6
23.Rac1 Qa4 24.Be3 Kg7 25.Rc7 Rd7 26.Nc5 Rxc7 27.Nxa4 Nxa4 28.h4 Nxb2 29.h5 g5
30.Qg4 Rg8 31.Bd4 Na4 32.f4 Nc3 33.Bf3 Rc4 34.Be3 Bxf3 35.Qxf3 gxf4 36.Bxa7 Nd5
37.Bf2 Rc3 38.Qe4 Rgc8 39.Rd1 Rc1 40.Rxc1 Rxc1+ 41.Kh2 Bg5 42.Be1 Ra1 43.Bxb4 Ne3
44.Bc5 Rxa2 45.Qb4 Rd2 46.Kg1 Rd5  0-1

[Event "WYCC U18 Open 2013"]
[Site "Al-Ain UAE"]
[Date "2013.12.22"]
[Round "6.45"]
[White "Baskara,Fiodias"]
[Black "Tvarijonas,T"]
[Result "0-1"]
[WhiteElo "1936"]
[BlackElo "2176"]

1.d4 d5 2.Nf3 Nf6 3.c4 c6 4.Nc3 e6 5.e3 Nbd7 6.Qc2 Bd6 7.b3 O-O 8.Bd3 e5
9.dxe5 Nxe5 10.Nxe5 Bxe5 11.Bb2 dxc4 12.Bxc4 Re8 13.Bd3 b5 14.O-O-O Qb6 15.Ne4 Nd5
16.a3 Bg4 17.Rd2 h6 18.Qc5 Qc7 19.f4 Bxb2+ 20.Kxb2 Rad8 21.h3 Bf5 22.Ng3 Nxf4
23.exf4 Rxd3 24.Rxd3 Bxd3 25.Rd1 Bg6 26.Rd6 Rd8 27.Rxd8+ Qxd8 28.f5 Qd2+
29.Qc2 Qxc2+ 30.Kxc2 Bh7 31.b4 Kf8 32.Kc3 Ke7 33.Kd4 g6 34.Kc5 gxf5 35.Kxc6 Ke6
36.Nh5 f4 37.Nxf4+ Ke5 38.g3 Ke4 39.Kxb5 Kf3 40.Nh5 Bg6 41.Nf4 Be4 42.Nh5 Bb7
43.Kc5 Kg2 44.Nf6 Kxg3 45.b5 Kxh3 46.a4 Kh4 47.a5 Kg5 48.Ne8 h5 49.Nd6 Ba8
50.Nxf7+ Kf4 51.Nh8 Kf5 52.Nf7 h4 53.Nd6+ Kf4 54.b6 axb6+ 55.Kxb6 h3 56.Ka7 Bd5  0-1

[Event "WYCC U18 Open 2013"]
[Site "Al-Ain UAE"]
[Date "2013.12.22"]
[Round "6.48"]
[White "Doluweera,Dinul Thisura"]
[Black "Malureanu,C"]
[Result "1-0"]
[WhiteElo "1803"]
[BlackElo "2116"]

1.d4 d5 2.c4 e6 3.Nc3 c6 4.e3 Nf6 5.Nf3 Nbd7 6.Qc2 Bd6 7.g4 h6 8.Bd2 e5 9.cxd5 Nxd5
10.Ne4 Bc7 11.O-O-O exd4 12.Nxd4 O-O 13.h4 Ne5 14.g5 h5 15.Be2 g6 16.Rhg1 Qe7
17.Bxh5 c5 18.Nf6+ Nxf6 19.gxf6 Qxf6 20.Nb5 Qc6 21.Nxc7 Kh7 22.Bc3 Bf5 23.Qe2 Qxc7
24.e4 Be6 25.f4 Nc6 26.f5 Qf4+ 27.Bd2 Nd4 28.Qg2 Qd6 29.Qg5  1-0

[Event "St Petersburg Blitz Final 2013"]
[Site "St Petersburg RUS"]
[Date "2013.12.22"]
[Round "1.2"]
[White "Novik,Ma"]
[Black "Orlov,O2"]
[Result "1-0"]
[WhiteElo "2467"]
[BlackElo "2311"]

1.d4 d5 2.c4 c6 3.Nc3 Nf6 4.e3 e6 5.Nf3 Nbd7 6.Qc2 a6 7.b3 b5 8.Bd2 Bd6 9.Bd3 O-O
10.O-O dxc4 11.bxc4 e5 12.Ne4 Qe7 13.Nxd6 Qxd6 14.a4 bxc4 15.Bxc4 e4 16.Ng5 Nb6
17.Ba2 Bf5 18.Rfc1 Ng4 19.g3 Qg6 20.h4 h6 21.Nxf7 Rxf7 22.Qxc6 Rc8 23.Qxg6 Bxg6
24.a5 Rxc1+ 25.Rxc1 Nd7 26.Rc6 Kf8 27.Rxg6 Rxf2 28.Bb4+ Ke8 29.Be6 Rb2 30.Rxg4 Nf6
31.Rxg7 Rxb4 32.d5 Rb1+ 33.Kg2 Rd1 34.g4 Nxd5 35.Bxd5 Rxd5 36.Rg6 Rxa5 37.Rxh6 Ra3
38.Kf2 Kf7 39.Rb6 a5 40.g5 Ra2+ 41.Kg3 Re2 42.Kf4 Rh2 43.Rh6 a4 44.Kg3 Re2
45.Kf4 Rh2 46.h5 a3 47.Ra6 Rxh5 48.Rxa3 Ke6 49.Ra6+ Kd5 50.Ra5+ Ke6 51.Re5+ Kf7
52.g6+ Kxg6 53.Rxh5 Kxh5 54.Kxe4 Kg6 55.Kd5 Kf6 56.e4 Ke7 57.Ke5 Kf7 58.Kd6 Kf8
59.Kd7 Kf7 60.e5 Kf8 61.e6  1-0

[Event "St Petersburg Blitz Prelim 2013"]
[Site "St Petersburg RUS"]
[Date "2013.12.22"]
[Round "1.6"]
[White "Pischikov,V"]
[Black "Yevseev,D"]
[Result "0-1"]
[WhiteElo "2148"]
[BlackElo "2532"]

1.d4 d5 2.Nf3 Nf6 3.c4 e6 4.Nc3 c6 5.e3 Nbd7 6.Bd3 dxc4 7.Bxc4 b5 8.Bd3 Bb7
9.a4 a6 10.O-O b4 11.Ne4 c5 12.Nxf6+ Qxf6 13.dxc5 Nxc5 14.Bc4 Rd8 15.Qe2 Bd6
16.Bd2 Bxf3 17.gxf3 Qxb2 18.Rfb1 Qxd2 19.Qxd2 Bxh2+ 20.Kxh2 Rxd2 21.Rxb4 Ke7
22.Kg3 Rhd8 23.Rb6 R8d6 24.Rab1 Nxa4 25.Rxa6 Rxa6 26.Bxa6 Nc5 27.Bf1 h5 28.Rb4 g6
29.Rb5 Nd7 30.Rb7 Kf6 31.f4 Nc5 32.Rb4 Rd1 33.Be2 Re1 34.Bb5 Kg7 35.Kf3 Rg1
36.Rc4 Nb3 37.Rc7 Nd2+ 38.Ke2 Ne4 39.Be8 Nd6 40.Bd7 Kf6 41.Ba4 h4 42.Rd7 Ne4
43.Bc6 Nc3+ 44.Kd3 Nd1 45.Ke2 Nc3+ 46.Kd3 Nd5 47.Rd8 Nb4+  0-1

[Event "St Petersburg Blitz Prelim 2013"]
[Site "St Petersburg RUS"]
[Date "2013.12.22"]
[Round "3.5"]
[White "Aleksandrov,A"]
[Black "Sudakova,I"]
[Result "1-0"]
[WhiteElo "2586"]
[BlackElo "2356"]

1.d4 d5 2.c4 e6 3.Nc3 c6 4.e3 Nf6 5.Nf3 Nbd7 6.Qc2 Bd6 7.Bd3 O-O 8.O-O dxc4
9.Bxc4 a6 10.Rd1 c5 11.dxc5 Bxc5 12.Bd3 Qe7 13.Ng5 h6 14.Nge4 b5 15.Nxf6+ Nxf6
16.Ne4 Nxe4 17.Bxe4 Rb8 18.Bd2 Bb7 19.Bxb7 Rxb7 20.Rac1 Rc7 21.a4 Rfc8 22.Qb3 bxa4
23.Qxa4  1-0